इसे छोड़कर सामग्री पर बढ़ने के लिए
Inicio
Centros participantes
Catálogo
Servicios
Contacto
लॉग इन करें
English
Deutsch
Español
Français
Italiano
日本語
Nederlands
Português
Português (Brasil)
中文(简体)
中文(繁體)
Türkçe
עברית
Gaeilge
Cymraeg
Ελληνικά
Català
Euskara
Русский
Čeština
Suomi
Svenska
polski
Dansk
slovenščina
اللغة العربية
বাংলা
Galego
Tiếng Việt
Hrvatski
हिंदी
Հայերէն
Українська
Sámegiella
भाषा
सभी फ़ील्ड्स
शीर्षक
लेखक
विषय
बोधानक
आईएसबीएन / आईएसएसएन
टैग
खोज
उन्नत
Memoria Anual 1987 /
इसे उद्धृत करें
इसे ईमेल करें
प्रिंट
निर्यात रिकॉर्ड
को निर्यात RefWorks
को निर्यात EndNoteWeb
को निर्यात EndNote
सूची में सहेजें
स्थायी लिंक
पहली रेटिंग जोड़ें
Memoria Anual 1987 /
में बचाया:
ग्रंथसूची विवरण
निगमित लेखक:
Banco Cooperativo Costarricense
स्वरूप:
अज्ञात
भाषा:
Spanish
प्रकाशित:
Costa Rica:
Bancoop,
टैग:
टैग जोड़ें
कोई टैग नहीं, इस रिकॉर्ड को टैग करने वाले पहले व्यक्ति बनें!
होल्डिंग्स
विवरण
टिप्पणियाँ
समान संसाधन
स्टाफ के लिए
MARC
LEADER
00000 a2200000 04500
001
40370
003
008
050609s1987 cr spa d
040
090
|a
1002 B216m 1987
110
|a
Banco Cooperativo Costarricense
245
|a
Memoria Anual 1987 /
|c
Bancoop
260
|a
Costa Rica:
|b
Bancoop,
300
|a
13 páginas : tablas, gráficos
999
|c
10341
|d
10341
समान संसाधन
Memoria anual 1985
Memoria anual 1989 /
Memoria Anual: 1971 /
प्रकाशित: (1972)
Memoria Anual 1969
Memoria anual: 1973 /
प्रकाशित: (1974)